Fiqh al-Islām. (Record no. 46050)

MARC details
000 -LEADER
fixed length control field 00592cam a22002291 4500
001 - CONTROL NUMBER
control field ne 63001326
003 - CONTROL NUMBER IDENTIFIER
control field DLC
005 - DATE AND TIME OF LATEST TRANSACTION
control field 20260227111747.0
008 - FIXED-LENGTH DATA ELEMENTS--GENERAL INFORMATION
fixed length control field 890514s1961 xx 000 0 ara
010 ## - LIBRARY OF CONGRESS CONTROL NUMBER
LC control number ne 63001326
035 ## - SYSTEM CONTROL NUMBER
System control number (OCoLC)23502636
040 ## - CATALOGING SOURCE
Original cataloging agency DLC
Transcribing agency MiU
Modifying agency DLC
042 ## - AUTHENTICATION CODE
Authentication code premarc
050 00 - LIBRARY OF CONGRESS CALL NUMBER
Classification number BP176
Item number .L3 1961
110 2# - MAIN ENTRY--CORPORATE NAME
Corporate name or jurisdiction name as entry element Lajnat Tawḥīd al-Madhāhib al-Islāmīyah.
245 10 - TITLE STATEMENT
Title Fiqh al-Islām.
260 ## - PUBLICATION, DISTRIBUTION, ETC.
Date of publication, distribution, etc. [1961. 1971]
300 ## - PHYSICAL DESCRIPTION
Extent 304 p.
Dimensions 20 cm.
500 ## - GENERAL NOTE
General note Romanized.
650 #0 - SUBJECT ADDED ENTRY--TOPICAL TERM
Topical term or geographic name entry element Pillars of Islam
700 1# - ADDED ENTRY--PERSONAL NAME
Personal name al-Mutaʻāfi, Raḍwān Shāfiʻī.

No items available.

Powered by Koha